[Event "ROU-ch Men 2018"]
[Site "Olanesti"]
[Date "2018.05.18"]
[Round "5"]
[White "Berechet, Stefan-Mario"]
[Black "Raducanu, Andrei-Augustin"]
[Result "0-1"]
[WhiteElo "1879"]
[BlackElo "2063"]
[Annotator "NA"]
[PlyCount "116"]
[EventDate "2018.??.??"]
[EventType "swiss"]
[EventCountry "ROU"]
[SourceTitle "playchess.com"]
[Source "ChessBase"]
[SourceQuality "1"]
[TimeControl "40/5400+30:1800+30"]

1. c4 {[%emt 0:00:00]} f5 {[%emt 0:00:06]} 2. Nc3 {[%emt 0:00:00]} Nf6 {[%emt 0:00:17]} 3. g3 {[%emt 0:00:04]} g6 {[%emt 0:02:12]} 4. Bg2 {[%emt 0:00:04]} Bg7 {[%emt 0:00:04]} 5. d3 {[%emt 0:00:05]} O-O {[%emt 0:00:31]} 6. e3 {[%emt 0:00:05]} d6 {[%emt 0:11:19]} 7. Nge2 {[%emt 0:00:12]} e5 {[%emt 0:01:23]} 8. b4 {[%emt 0:00:42]} c6 {[%emt 0:04:56]} 9. b5 {[%emt 0:03:09]} Be6 {[%emt 0:08:31]} 10. O-O {[%emt 0:06:05]} Re8 {[%emt 0:16:59]} 11. Rb1 {[%emt 0:18:13]} Qd7 {[%emt 0:09:15]} 12. Qa4 {[%emt 0:04:56]} d5 {[%emt 0:02:06]} 13. bxc6 {[%emt 0:01:57]} bxc6 {[%emt 0:10:36]} 14. Ba3 {[%emt 0:07:08]} dxc4 {[%emt 0:10:51]} 15. dxc4 {[%emt 0:00:09]} Qf7 {[%emt 0:00:07]} 16. Rb2 {[%emt 0:29:44]} Bxc4 {[%emt 0:00:36]} 17. Bxc6 {[%emt 0:00:11]} Nxc6 {[%emt 0:00:30]} 18. Qxc6 {[%emt 0:00:06]} Rac8 {[%emt 0:08:28]} 19. Qa4 {[%emt 0:03:00]} a6 {[%emt 0:00:04]} 20. Rfb1 {[%emt 0:01:53]} Bd3 {[%emt 0:02:13]} 21. Rb7 {[%emt 0:01:34]} Rc7 {[%emt 0:01:34]} 22. Rxc7 {[%emt 0:02:35]} Qxc7 {[%emt 0:00:02]} 23. Rc1 {[%emt 0:05:41]} Qb7 {[%emt 0:04:05]} 24. Rd1 {[%emt 0:02:00]} Bxe2 {[%emt 0:02:44]} 25. Nxe2 {[%emt 0:00:05]} Qf3 {[%emt 0:00:04]} 26. Nc3 {[%emt 0:01:51]} Rb8 {[%emt 0:01:58]} 27. Bd6 {[%emt 0:04:16]} Rc8 {[%emt 0:01:27]} 28. Qb3+ {[%emt 0:02:18]} Kh8 {[%emt 0:00:11]} 29. Bxe5 {[%emt 0:05:35]} Ng4 {[%emt 0:00:02]} 30. Bxg7+ {[%emt 0:00:01]} Kxg7 {[%emt 0:00:03]} 31. Rf1 {[%emt 0:00:21]} Nxe3 {[%emt 0:02:01]} 32. fxe3 {[%emt 0:00:42]} Qxe3+ {[%emt 0:00:02]} 33. Kh1 {[%emt 0:01:08]} Rxc3 {[%emt 0:00:24]} 34. Qb7+ {[%emt 0:00:27]} Kh6 {[%emt 0:00:03]} 35. Qg2 {[%emt 0:00:42]} Rc1 {[%emt 0:01:08]} 36. Qh3+ {[%emt 0:00:19]} Kg7 {[%emt 0:00:04]} 37. Qg2 {[%emt 0:00:33]} a5 {[%emt 0:01:02]} 38. Qb7+ {[%emt 0:00:08]} Kh6 {[%emt 0:00:03]} 39. Rxc1 {[%emt 0:00:54]} Qxc1+ {[%emt 0:00:03]} 40. Kg2 {[%emt 0:00:00]} Qd2+ {[%emt 0:00:23]} 41. Kf3 {[%emt 0:03:27]} Qxa2 {[%emt 0:12:18]} 42. Qe7 {[%emt 0:00:31]} Qxh2 {[%emt 0:02:27]} 43. Qe3+ {[%emt 0:01:10]} Kh5 {[%emt 0:00:30]} 44. Qe1 {[%emt 0:00:37]} Qh3 {[%emt 0:06:36]} 45. Qxa5 {[%emt 0:00:25]} Qf1+ {[%emt 0:00:14]} 46. Ke3 {[%emt 0:00:21]} Qg2 {[%emt 0:00:20]} 47. Qc7 {[%emt 0:00:34]} Qe4+ {[%emt 0:00:48]} 48. Kf2 {[%emt 0:00:06]} Kg4 {[%emt 0:01:29]} 49. Qc3 {[%emt 0:01:01]} Kh3 {[%emt 0:03:16]} 50. g4+ {[%emt 0:03:48]} Kxg4 {[%emt 0:00:01]} 51. Qg3+ {[%emt 0:00:07]} Kh5 52. Qc7 {[%emt 0:00:23]} h6 {[%emt 0:01:10]} 53. Qf7 {[%emt 0:00:29]} f4 {[%emt 0:02:41]} 54. Qd7 {[%emt 0:00:27]} Qe3+ {[%emt 0:00:21]} 55. Kg2 {[%emt 0:00:10]} Qg3+ {[%emt 0:00:35]} 56. Kh1 {[%emt 0:00:05]} Qh4+ {[%emt 0:00:05]} 57. Kg2 {[%emt 0:00:09]} Qg4+ {[%emt 0:00:02]} 58. Qxg4+ {[%emt 0:00:04]} Kxg4 {[%emt 0:00:06]} 0-1

[Event "ROU-ch Men 2018"]
[Site "Olanesti"]
[Date "2018.05.18"]
[Round "5"]
[White "Toma, Mihail"]
[Black "Vasiesiu, Victor"]
[Result "0-1"]
[WhiteElo "1835"]
[BlackElo "2327"]
[Annotator "NA"]
[PlyCount "66"]
[EventDate "2018.??.??"]
[EventType "swiss"]
[EventCountry "ROU"]
[SourceTitle "playchess.com"]
[Source "ChessBase"]
[SourceQuality "1"]
[TimeControl "40/5400+30:1800+30"]

1. d4 {[%emt 0:00:27]} Nf6 {[%emt 0:00:06]} 2. Nf3 {[%emt 0:00:08]} c5 {[%emt 0:00:04]} 3. c3 {[%emt 0:00:11]} g6 {[%emt 0:01:27]} 4. Bg5 {[%emt 0:00:09]} Bg7 {[%emt 0:00:08]} 5. e3 {[%emt 0:00:04]} O-O {[%emt 0:01:28]} 6. Nbd2 {[%emt 0:00:10]} d6 {[%emt 0:00:09]} 7. Bd3 {[%emt 0:01:43]} Nbd7 {[%emt 0:01:07] A48: 1 d4 Nf6 2 Nf3 g6: Torre, London and Colle Systems} (7... b6 8. O-O Bb7 9. Re1 Nc6 10. h3 Rc8 11. Qe2 Rc7 12. a3 Qc8 13. e4 cxd4 14. cxd4 Nd7 15. e5 dxe5 {½-½ (58) Kramnik,V (2811)-Nepomniachtchi,I (2751) Zuerich 2017}) 8. O-O {[%emt 0:00:06]} h6 {[%emt 0:00:33]} 9. Bh4 {[%emt 0:00:10]} g5 {[%emt 0:00:52]} 10. Bg3 {[%emt 0:00:07]} Nh5 {[%emt 0:00:10]} 11. Ne1 $146 {[%emt 0:03:50]} ({Predecessor:} 11. Ne4 d5 12. Nexg5 hxg5 13. Nxg5 Nxg3 14. fxg3 Nf6 15. Rxf6 exf6 16. Qh5 Re8 17. Bh7+ {1-0 (17) Bouza Brey Teijeiro,G (1904)-Mougan Gonzalez,S (1730) Cambados 2008}) 11... Nxg3 {[%emt 0:00:08]} 12. hxg3 {[%emt 0:00:14]} cxd4 {[%emt 0:04:21]} 13. exd4 {[%emt 0:00:45]} e5 {[%emt 0:04:14]} 14. d5 {[%emt 0:03:25]} (14. Nc2 $11) 14... f5 {[%emt 0:00:30]} 15. Rc1 {[%emt 0:07:00]} e4 {[%emt 0:03:52]} 16. Bb1 {[%emt 0:01:01]} Ne5 {[%emt 0:00:07]} 17. Nb3 {[%emt 0:09:25]} Qe8 {[%emt 0:01:54]} 18. Nd4 {[%emt 0:00:55] [#]} (18. f3 $17 {ist eine bessere Verteidigung.}) 18... Ng4 $1 {[%emt 0:00:18]} 19. f3 {[%emt 0:02:59]} Ne3 {[%emt 0:00:12]} 20. Qe2 {[%emt 0:02:25]} Nxf1 {[%emt 0:00:15]} 21. Qxf1 $19 {[%emt 0:00:56]} Bxd4+ {[%emt 0:02:23]} 22. cxd4 {[%emt 0:00:07]} Bd7 {[%emt 0:00:09]} 23. Rc3 {[%emt 0:03:41]} Rc8 {[%emt 0:01:30]} 24. Nc2 {[%emt 0:00:33]} b5 {[%emt 0:01:52]} 25. Nb4 {[%emt 0:00:52]} a5 {[%emt 0:00:13]} 26. Nc6 {[%emt 0:00:25]} Bxc6 {[%emt 0:00:22]} 27. dxc6 {[%emt 0:00:13]} Rxc6 {[%emt 0:00:07]} 28. fxe4 {[%emt 0:00:30]} fxe4 {[%emt 0:00:53]} 29. Qe2 {[%emt 0:00:35]} Rxc3 {[%emt 0:00:09]} 30. bxc3 d5 31. g4 {[%emt 0:02:05]} Qc6 {[%emt 0:00:59]} 32. Kh2 {[%emt 0:01:01]} Qc4 {[%emt 0:00:25]} 33. Qe3 {[%emt 0:00:51]} Qf1 {[%emt 0:00:11]} 0-1

[Event "ROU-ch Men 2018"]
[Site "Olanesti"]
[Date "2018.05.18"]
[Round "5"]
[White "Morariu, Daniel"]
[Black "Coca, Cristi-Iulian"]
[Result "0-1"]
[WhiteElo "1656"]
[BlackElo "2003"]
[Annotator "NA"]
[PlyCount "54"]
[EventDate "2018.??.??"]
[EventType "swiss"]
[EventCountry "ROU"]
[SourceTitle "playchess.com"]
[Source "ChessBase"]
[SourceQuality "1"]
[TimeControl "40/5400+30:1800+30"]

1. e4 {[%emt 0:00:00]} c5 {[%emt 0:00:04]} 2. Nf3 {[%emt 0:00:00]} e6 {[%emt 0:00:04]} 3. d4 {[%emt 0:00:08]} cxd4 {[%emt 0:00:04]} 4. Nxd4 {[%emt 0:00:05]} a6 {[%emt 0:00:04]} 5. c4 {[%emt 0:00:25]} Nf6 {[%emt 0:00:06]} 6. Nc3 {[%emt 0:01:00]} Qc7 {[%emt 0:00:05]} 7. a3 {[%emt 0:00:31]} d6 {[%emt 0:00:15]} 8. Be2 {[%emt 0:01:17]} Nbd7 {[%emt 0:00:18]} 9. Be3 {[%emt 0:00:48]} b6 {[%emt 0:00:06]} 10. O-O {[%emt 0:00:39]} Bb7 {[%emt 0:00:15]} 11. f3 {[%emt 0:00:39]} Be7 {[%emt 0:00:07]} 12. Qe1 {[%emt 0:00:58]} O-O {[%emt 0:01:17]} 13. Qg3 {[%emt 0:03:08]} Rfe8 {[%emt 0:00:11]} 14. Rac1 {[%emt 0:03:06]} Rac8 {[%emt 0:00:26]} 15. Qh3 {[%emt 0:10:14]} h5 {[%emt 0:04:21]} 16. f4 {[%emt 0:08:13]} Nc5 {[%emt 0:04:20]} 17. Bxh5 {[%emt 0:26:48]} Nxh5 {[%emt 0:00:48]} 18. Qxh5 {[%emt 0:00:09]} Nxe4 {[%emt 0:00:19]} 19. f5 {[%emt 0:06:04]} e5 {[%emt 0:09:00]} 20. Ne6 {[%emt 0:07:36]} fxe6 {[%emt 0:01:46]} 21. fxe6 {[%emt 0:00:14]} Rf8 {[%emt 0:19:42]} 22. Rf7 {[%emt 0:09:07]} Nf6 {[%emt 0:00:58]} 23. Rxg7+ {[%emt 0:04:29]} Kxg7 {[%emt 0:00:16]} 24. Bh6+ {[%emt 0:00:25]} Kh8 {[%emt 0:02:46]} 25. Qh4 {[%emt 0:11:44]} Nh7 {[%emt 0:03:45]} 26. Qh5 Qc5+ {[%emt 0:02:09]} 27. Kh1 {[%emt 0:01:52]} Qf2 {[%emt 0:01:02]} 0-1

[Event "ROU-ch Men 2018"]
[Site "Olanesti"]
[Date "2018.05.19"]
[Round "6"]
[White "Marin, Mihail"]
[Black "Nevednichy, Vladislav"]
[Result "0-1"]
[WhiteElo "2543"]
[BlackElo "2532"]
[Annotator "TA"]
[PlyCount "122"]
[EventDate "2018.??.??"]
[EventType "swiss"]
[EventCountry "ROU"]
[SourceTitle "playchess.com"]
[Source "ChessBase"]
[SourceQuality "1"]

{[%evp 16,122,13,12,5,9,25,32,32,0,8,0,6,2,11,6,1,0,-14,-10,0,0,13,14,20,20,11,20,21,15,12,0,0,0,0,0,36,33,64,70,66,34,38,4,2,0,0,-28,-29,-83,-94,-80,-45,-50,-56,-58,-58,-69,-69,-69,-68,-85,-76,-76,-68,-76,-53,-56,-56,-71,-71,-98,-101,-131,-122,-166,-154,-130,-146,-174,-197,-228,-235,-239,-238,-220,-206,-211,-202,-256,-264,-339,-307,-333,-313,-340,-314,-305,-289,-277,-258,-1933,-1929,-1847,-1749,-1409,-1323,-4930,-4930]} 1. Nf3 e6 2. g3 b5 3. Bg2 Bb7 4. d4 Nf6 5. O-O c5 6. Na3 Qb6 7. dxc5 {A46: 1 d4 Nf6 2 Nf3 e6: Torre, London and Colle Systems} Bxc5 8. b4 Bxb4 9. Rb1 {LiveBook: 8 Games. The position is equal.} Na6 $146 ({Predecessor:} 9... Nc6 10. c3 Bxa3 11. Bxa3 Na5 12. Bb4 Nc4 13. Nd2 Bxg2 14. Nxc4 bxc4 15. Kxg2 Nd5 16. e4 Nxb4 17. Rxb4 Qc6 18. Qd4 {½-½ (18) Romanishin,O (2543)-Aleksandrov,A (2659) Kolkata 2004}) 10. Be3 Qa5 {[#]} 11. Nxb5 $1 {[%mdl 512]} O-O (11... Qxb5 12. a3) 12. c3 Bc5 13. Bd4 Be4 14. Rb2 Rab8 15. a4 Bxd4 16. Qxd4 Nc7 {White must now prevent ...a6.} 17. c4 a6 18. Nd6 e5 19. Qd2 Qxd2 $1 20. Rxd2 Bxf3 $1 21. exf3 Rb4 22. Re1 Rxa4 23. Rxe5 Ra1+ 24. Bf1 a5 25. f4 Rb8 {Hoping for ...Rbb1.} 26. Kg2 a4 27. Ra5 Nce8 28. c5 Nxd6 $1 29. cxd6 g6 30. Rd4 a3 31. Rd3 a2 {Threatens to win with ...Rb2.} 32. Rda3 ({Don't go for} 32. Rd2 $2 Rxf1 $1 {[%mdl 512]} 33. Raxa2 Rfb1 $19) (32. Re3 $1 $11) 32... Rb2 $36 {[%mdl 2048] aiming for ...Ne4. White is under strong pressure.} 33. Bc4 {[%cal Ra3a2]} Ne4 (33... Ng4 {is more complex.} 34. Bd5 Rd2 35. Bb3 Rxf2+ 36. Kh3 h5) 34. Rxa2 Rxf2+ $1 35. Rxf2 Rxa5 $15 {[%mdl 4096] Endgame KRB-KRN} 36. Rb2 Nxd6 37. Be2 Kf8 38. Bg4 Ke7 39. Re2+ Kd8 40. Rd2 Ra6 41. Be2 Rb6 42. Bd3 f5 43. h3 Rb4 44. Be2 Ne4 45. Rc2 d5 46. g4 Kd7 47. Ra2 Kd6 48. Ra7 Rb2 49. Kf3 Rb3+ 50. Kg2 Rg3+ 51. Kh2 Re3 52. Ba6 {[#]} fxg4 $1 53. Rxh7 Ra3 54. Rh6 Kc5 55. Rxg6 Rxh3+ 56. Kg2 Rg3+ 57. Kh2 Ra3 58. f5 $2 (58. Bb7 g3+ 59. Kg2) 58... Nd6 $19 {Black is clearly winning.} 59. Bf1 Ra2+ 60. Kg1 Nxf5 61. Rxg4 {[#]} Ra1 $1 {Precision: White = 43%, Black = 79%.} 0-1

[Event "ROU-ch Men 2018"]
[Site "Olanesti"]
[Date "2018.05.19"]
[Round "6"]
[White "Jianu, Vlad-Cristian"]
[Black "Deac, Bogdan-Daniel"]
[Result "1/2-1/2"]
[WhiteElo "2532"]
[BlackElo "2575"]
[Annotator "TA"]
[PlyCount "63"]
[EventDate "2018.??.??"]
[EventType "swiss"]
[EventCountry "ROU"]
[SourceTitle "playchess.com"]
[Source "ChessBase"]
[SourceQuality "1"]

{[%evp 18,63,31,29,29,23,37,26,34,24,34,12,22,5,15,14,9,18,34,13,26,0,24,4,17,0,19,0,0,0,14,0,0,-10,0,0,0,0,0,0,0,0,0,0,0,0,0,-11]} 1. d4 Nf6 2. Nf3 d5 3. c4 e6 4. Nc3 a6 5. cxd5 exd5 6. Bg5 {D37: Queen's Gambit Declined: 5 Bf4} Be6 7. e3 Nbd7 8. h3 (8. Bd3 Bd6 9. Bf4 Qe7 10. O-O O-O 11. h3 c6 12. Qc2 Rfe8 13. Rae1 g6 {1-0 (40) Aronian,L (2801)-Oleksienko,M (2615) Germany 2018}) 8... Bd6 9. Bd3 c6 10. O-O {LiveBook: 8 Games} O-O 11. Re1 Re8 $146 ({Predecessor:} 11... h6 12. Bf4 Qc7 13. Qd2 c5 14. Bxd6 Qxd6 {½-½ (21) Deforel,J (2247)-Gridasov,A ICCF email 2014}) 12. Bf4 Bf8 13. Qc2 h6 14. Bh2 Rc8 15. Rac1 c5 16. dxc5 Nxc5 17. Red1 b5 18. Nd4 Bd7 19. a3 Qb6 20. Bf5 Qb7 {The position is equal.} 21. Bxd7 Ncxd7 22. Qf5 g6 23. Qd3 Bg7 24. Bd6 Ne4 25. Bb4 Ne5 26. Qe2 Nc6 27. Nxc6 Rxc6 28. Qd3 Qc8 29. Qxd5 Bxc3 30. Bxc3 Nxc3 31. bxc3 Rxc3 32. Qd2 {Precision: White = 41%, Black = 69%.} 1/2-1/2

[Event "ROU-ch Men 2018"]
[Site "Olanesti"]
[Date "2018.05.19"]
[Round "6"]
[White "Manolache, Marius"]
[Black "Szabo, Gergely-Andras-Gyul"]
[Result "1/2-1/2"]
[WhiteElo "2499"]
[BlackElo "2541"]
[Annotator "TA"]
[PlyCount "48"]
[EventDate "2018.??.??"]
[EventType "swiss"]
[EventCountry "ROU"]
[SourceTitle "playchess.com"]
[Source "ChessBase"]
[SourceQuality "1"]

{[%evp 18,48,10,0,0,0,0,0,0,0,0,-14,0,0,0,-13,0,-70,-58,-70,-75,-76,-89,-48,-13,-14,0,0,0,-2,0,-33,2]} 1. d4 e6 2. Nf3 c5 3. e3 Nf6 4. Nbd2 d5 5. c3 Nc6 6. Bd3 Bd6 7. Qe2 {D05: Colle System with ...e6} (7. dxc5 Bxc5 8. b4 Bd6 9. O-O O-O 10. a3 a5 11. b5 Ne5 12. Nxe5 Bxe5 13. Bb2 Qe7 14. Qc2 h6 {0-1 (52) Grachev,B (2693)-Khairullin,I (2638) Jurmala 2012}) 7... Qc7 8. O-O O-O 9. dxc5 Bxc5 10. b4 {LiveBook: 3 Games} Bd6 11. Bb2 e5 {[#] White must now prevent ...e4.} 12. e4 Re8 13. Rfe1 $146 ({Predecessor:} 13. exd5 Nxd5 14. Bxh7+ Kxh7 15. Qe4+ Kg8 16. Qxd5 {0-1 (50) Astasio Lopez,D (2419)-Ider,B (2460) Elgoibar 2015}) 13... h6 14. Rac1 Bg4 15. h3 Be6 16. a3 a5 17. Qf1 ({White should try} 17. exd5 $11 Nxd5 18. g3) 17... dxe4 $15 ({Of course not} 17... axb4 $6 18. cxb4 Qd8 19. exd5 $14) 18. Bxe4 Nxe4 ({Much weaker is} 18... axb4 $6 19. cxb4 Qd7 20. Red1 $14) 19. Nxe4 Bf8 20. b5 f5 21. Ned2 {[%cal Be4d2,Bd2f3,Bf3d4][%mdl 32]} e4 22. bxc6 {[#] Nd4 is the strong threat.} exf3 23. Nxf3 Qxc6 24. Nd4 Qc8 1/2-1/2

[Event "ROU-ch Men 2018"]
[Site "Olanesti"]
[Date "2018.05.19"]
[Round "6"]
[White "Gavrilescu, David"]
[Black "Georgescu, Tiberiu-Marian"]
[Result "1/2-1/2"]
[WhiteElo "2442"]
[BlackElo "2476"]
[Annotator "TA"]
[PlyCount "45"]
[EventDate "2018.??.??"]
[EventType "swiss"]
[EventCountry "ROU"]
[SourceTitle "playchess.com"]
[Source "ChessBase"]
[SourceQuality "1"]

{[%evp 16,45,8,0,19,20,34,-8,37,33,23,25,38,34,52,0,0,-6,-10,-11,-16,-15,-5,-16,-11,-12,-8,-13,0,0,0,0]} 1. e4 e5 2. Nf3 Nc6 3. Bc4 Bc5 4. c3 Nf6 5. d3 d6 6. O-O O-O 7. Bb3 h6 8. Re1 a5 {C54: Giuoco Piano: 4 c3 Nf6, main lines with 5 d4 and 5 d3} 9. Nbd2 {LiveBook: 10 Games} Bd7 (9... Be6 10. Nf1 Bxb3 11. axb3 d5 12. Be3 Bxe3 13. Rxe3 dxe4 14. dxe4 Qxd1 15. Rxd1 {0-1 (59) Savchenko,B (2566)-Fedoseev,V (2718) Riadh 2017}) 10. Nf1 b5 $146 ({Predecessor:} 10... Ba7 11. Ng3 Ne7 12. Nh4 Bg4 13. Qc2 g5 14. Nhf5 Bxf5 15. exf5 Qd7 16. d4 exd4 {0-1 (36) Cimpean,A (1900)-Stanciu,A (1930) Baile Govora 2017}) 11. d4 exd4 12. cxd4 Bb4 13. Bd2 Bg4 14. Bxb4 $1 Bxf3 15. Qxf3 (15. gxf3 $14 Nxb4 16. a3) 15... Nxd4 $11 {The position is equal.} 16. Qd3 Nxb3 17. Qxb3 {[#] Black must now prevent Bc3.} axb4 18. Qxb4 Qd7 19. e5 dxe5 20. Rxe5 c6 21. Ne3 Rfe8 22. Rxe8+ Qxe8 23. a3 {Precision: White = 50%, Black = 34%.} 1/2-1/2

[Event "ROU-ch Men 2018"]
[Site "Olanesti"]
[Date "2018.05.19"]
[Round "6"]
[White "Secheres, Adrian-Simion"]
[Black "Pop, Alexandru"]
[Result "1-0"]
[WhiteElo "2404"]
[BlackElo "2302"]
[Annotator "ChessBase"]
[PlyCount "133"]
[EventDate "2018.??.??"]
[EventType "swiss"]
[EventCountry "ROU"]
[SourceTitle "playchess.com"]
[Source "ChessBase"]
[SourceQuality "1"]
[TimeControl "40/5400+30:1800+30"]

1. e4 {[%emt 0:00:00]} c5 {[%emt 0:03:19]} 2. Nf3 {[%emt 0:00:00]} d6 {[%emt 0:00:04]} 3. d4 {[%emt 0:00:20]} cxd4 {[%emt 0:00:06]} 4. Nxd4 {[%emt 0:00:05]} Nf6 {[%emt 0:00:05]} 5. Nc3 {[%emt 0:00:10]} g6 {[%emt 0:00:05]} 6. Be3 {[%emt 0:00:17]} Bg7 {[%emt 0:00:04]} 7. f3 {[%emt 0:00:15]} O-O {[%emt 0:00:06]} 8. Qd2 {[%emt 0:00:30]} Nc6 {[%emt 0:00:05]} 9. Bc4 {[%emt 0:00:20]} Bd7 {[%emt 0:00:06]} 10. O-O-O {[%emt 0:00:21]} Rc8 {[%emt 0:00:02]} 11. Bb3 {[%emt 0:00:22]} Nxd4 {[%emt 0:00:06]} 12. Bxd4 {[%emt 0:00:19]} b5 {[%emt 0:00:04]} 13. Nd5 {[%emt 0:00:40]} Nxd5 {[%emt 0:00:22]} 14. Bxg7 {[%emt 0:00:21]} Kxg7 {[%emt 0:00:09]} 15. exd5 {[%emt 0:00:16]} a5 {[%emt 0:00:37]} 16. a3 {[%emt 0:00:30]} Kg8 {[%emt 0:00:23]} 17. h4 {[%emt 0:01:10]} b4 {[%emt 0:04:37]} 18. axb4 {[%emt 0:00:08]} axb4 {[%emt 0:00:03]} 19. h5 {[%emt 0:01:20]} Qa5 {[%emt 0:01:57]} 20. Qd4 {[%emt 0:01:38]} Bf5 {[%emt 0:01:17]} 21. hxg6 {[%emt 0:07:15]} fxg6 {[%emt 0:49:04]} 22. Kd2 {[%emt 0:02:27]} Rc5 {[%emt 0:01:20]} 23. Qh4 {[%emt 0:07:41]} Rf7 {[%emt 0:00:07]} 24. Ra1 {[%emt 0:00:35]} Qb6 {[%emt 0:01:10]} 25. Ra4 {[%emt 0:02:49]} Ra5 {[%emt 0:10:03]} 26. Rxb4 {[%emt 0:03:18]} Qa7 {[%emt 0:02:13]} 27. Qd4 {[%emt 0:02:11]} Qa8 {[%emt 0:00:07]} 28. Qb6 {[%emt 0:12:26]} Rf8 {[%emt 0:07:49]} 29. Qb7 {[%emt 0:05:11]} Qd8 {[%emt 0:00:40]} 30. Re1 {[%emt 0:01:07]} Re8 {[%emt 0:02:26]} 31. Qb6 {[%emt 0:22:22]} Qa8 {[%emt 0:01:22]} 32. Qb7 {[%emt 0:02:52]} Qd8 {[%emt 0:00:34]} 33. Re3 {[%emt 0:00:05]} Bd7 {[%emt 0:02:51]} 34. c3 {[%emt 0:04:24]} Bf5 {[%emt 0:02:59]} 35. Ba4 {[%emt 0:09:50]} Bc8 {[%emt 0:00:16]} 36. Qb8 {[%emt 0:00:04]} Rf8 {[%emt 0:01:56]} 37. Bc6 {[%emt 0:00:59]} Ra1 {[%emt 0:01:36]} 38. Qb6 {[%emt 0:01:37]} Rg1 {[%emt 0:00:51]} 39. Re2 {[%emt 0:00:22]} Qxb6 {[%emt 0:00:28]} 40. Rxb6 {[%emt 0:00:00]} h5 {[%emt 0:00:04]} 41. Rb4 {[%emt 0:01:58]} g5 {[%emt 0:00:15]} 42. Rbe4 {[%emt 0:02:01]} g4 {[%emt 0:00:33]} 43. b4 {[%emt 0:04:11]} gxf3 {[%emt 0:06:11]} 44. gxf3 {[%emt 0:00:06]} Rxf3 {[%emt 0:00:06]} 45. b5 {[%emt 0:12:45]} Bf5 {[%emt 0:03:56]} 46. R4e3 {[%emt 0:00:24]} Rff1 {[%emt 0:00:08]} 47. Re1 {[%emt 0:00:17]} h4 {[%emt 0:03:27]} 48. b6 {[%emt 0:06:09]} Rxe1 {[%emt 0:15:36]} 49. Rxe1 {[%emt 0:00:48]} Rg2+ {[%emt 0:00:06]} 50. Ke3 {[%emt 0:01:41]} Rb2 {[%emt 0:02:34]} 51. b7 {[%emt 0:00:45]} h3 {[%emt 0:00:24]} 52. Rf1 {[%emt 0:04:38]} Bg6 {[%emt 0:05:57]} 53. c4 {[%emt 0:02:34]} Rb6 {[%emt 0:00:54]} 54. Kf4 {[%emt 0:03:12]} Bd3 {[%emt 0:01:03]} 55. Ra1 {[%emt 0:01:44]} Kg7 {[%emt 0:00:52]} 56. Kg3 {[%emt 0:03:20]} Bf5 {[%emt 0:00:38]} 57. Rf1 {[%emt 0:01:06]} Kg6 {[%emt 0:01:38]} 58. Kh4 {[%emt 0:00:47]} Rb3 {[%emt 0:02:04]} 59. Rf2 {[%emt 0:00:44]} Rb6 {[%emt 0:01:11]} 60. Be8+ {[%emt 0:00:31]} Kf6 {[%emt 0:00:42]} 61. Bd7 {[%emt 0:00:31]} Rxb7 {[%emt 0:00:33]} 62. Rxf5+ {[%emt 0:01:02]} Kg6 {[%emt 0:00:04]} 63. Rg5+ {[%emt 0:00:04]} Kf6 {[%emt 0:00:20]} 64. Bxh3 {[%emt 0:00:03]} e5 {[%emt 0:00:19]} 65. dxe6 {[%emt 0:00:43]} Rb4 {[%emt 0:00:16]} 66. Rf5+ {[%emt 0:00:05]} Kg6 {[%emt 0:00:05]} 67. Rf4 {[%emt 0:00:10]} 1-0

[Event "ROU-ch Men 2018"]
[Site "Olanesti"]
[Date "2018.05.19"]
[Round "6"]
[White "Dobre, Claudiu-Cristian"]
[Black "Coca, Cristi-Iulian"]
[Result "1/2-1/2"]
[WhiteElo "2393"]
[BlackElo "2003"]
[Annotator "NA"]
[PlyCount "40"]
[EventDate "2018.??.??"]
[EventType "swiss"]
[EventCountry "ROU"]
[SourceTitle "playchess.com"]
[Source "ChessBase"]
[SourceQuality "1"]
[TimeControl "40/5400+30:1800+30"]

1. b3 {[%emt 0:00:00]} e5 {[%emt 0:01:01]} 2. Bb2 {[%emt 0:00:00]} Nc6 {[%emt 0:00:05]} 3. e3 {[%emt 0:00:00]} Nf6 {[%emt 0:02:48]} 4. Nf3 {[%emt 0:00:00]} e4 {[%emt 0:01:14]} 5. Nd4 {[%emt 0:00:00]} d5 {[%emt 0:01:36]} 6. Nxc6 {[%emt 0:08:14]} bxc6 {[%emt 0:00:07]} 7. c4 {[%emt 0:05:39]} Bd6 {[%emt 0:05:42]} 8. Be2 {[%emt 0:05:06]} O-O {[%emt 0:02:11]} 9. O-O {[%emt 0:30:28]} Be6 {[%emt 0:04:48]} 10. Nc3 {[%emt 0:00:57]} a6 {[%emt 0:03:05]} 11. cxd5 {[%emt 0:06:39]} cxd5 {[%emt 0:02:11]} 12. f3 {[%emt 0:05:22]} c5 {[%emt 0:08:23]} 13. fxe4 {[%emt 0:00:45]} d4 {[%emt 0:01:04]} 14. Nd5 {[%emt 0:02:06]} Nxd5 {[%emt 0:05:04]} 15. exd5 {[%emt 0:00:06]} Qh4 {[%emt 0:01:16]} 16. g3 {[%emt 0:09:53]} Bxg3 {[%emt 0:00:18]} 17. hxg3 {[%emt 0:00:04]} Qxg3+ {[%emt 0:00:07]} 18. Kh1 {[%emt 0:00:02]} Bxd5+ {[%emt 0:00:55]} 19. Bf3 {[%emt 0:00:18]} Qh3+ {[%emt 0:20:25]} 20. Kg1 {[%emt 0:00:04]} Qg3+ {[%emt 0:00:06]} 1/2-1/2

[Event "ROU-ch Men 2018"]
[Site "Olanesti"]
[Date "2018.05.19"]
[Round "6"]
[White "Stanciu, Alexandru-Ovidiu"]
[Black "Posedaru, Bogdan"]
[Result "1/2-1/2"]
[WhiteElo "2363"]
[BlackElo "2307"]
[Annotator "NA"]
[PlyCount "40"]
[EventDate "2018.??.??"]
[EventType "swiss"]
[EventCountry "ROU"]
[SourceTitle "playchess.com"]
[Source "ChessBase"]
[SourceQuality "1"]
[TimeControl "40/5400+30:1800+30"]

1. e4 {[%emt 0:00:42]} c5 {[%emt 0:00:13]} 2. Nc3 {[%emt 0:01:23]} Nc6 {[%emt 0:00:26]} 3. Nge2 {[%emt 0:00:33]} g6 {[%emt 0:01:05]} 4. d4 {[%emt 0:00:19]} cxd4 {[%emt 0:00:06]} 5. Nxd4 {[%emt 0:00:03]} Bg7 {[%emt 0:00:07]} 6. Nb3 {[%emt 0:00:43]} Nf6 {[%emt 0:01:39]} 7. Be2 {[%emt 0:00:14]} O-O {[%emt 0:00:13]} 8. O-O {[%emt 0:00:05]} d6 {[%emt 0:01:03]} 9. Re1 {[%emt 0:09:09]} Be6 {[%emt 0:09:32]} 10. Bg5 {[%emt 0:01:49]} Rc8 {[%emt 0:04:30]} 11. Bf1 {[%emt 0:02:50]} Nd7 {[%emt 0:03:47]} 12. Rb1 {[%emt 0:02:42]} Bxc3 {[%emt 0:12:11]} 13. bxc3 {[%emt 0:00:32]} Nb6 {[%emt 0:02:35]} 14. Re3 {[%emt 0:19:07]} Ne5 {[%emt 0:07:56]} 15. f4 {[%emt 0:02:47]} Ng4 {[%emt 0:12:49]} 16. Rg3 {[%emt 0:01:28]} Nf6 {[%emt 0:01:32]} 17. Bxf6 {[%emt 0:25:02]} exf6 {[%emt 0:00:14]} 18. f5 {[%emt 0:00:02]} Bxb3 {[%emt 0:02:12]} 19. axb3 {[%emt 0:01:32]} Re8 {[%emt 0:00:47]} 20. Qd4 {[%emt 0:04:11]} Re5 {[%emt 0:05:10]} 1/2-1/2